000 00410nam a2200157Ia 4500
008 240729s9999 xx 000 0 und d
022 _a1982-0224
245 0 _aNeotropical Ichthyology
260 _aBrazil
260 _bSociedade Brasileira de Ictiologia
650 _a Zoology
650 _aScience
856 _uhttps://doaj.org/toc/8b6c8c7a36a3488ab4c6748545c73923
942 _2ddc
942 _cDOAJEJ
999 _c72040
_d72040
945 _a1
_bMadushi Gamage
_c1
_dMadushi Gamage